01578cam a2200361 a 4500001000800000005001700008008004100025010001700066020002100083020002200104020002200126040001800148043001200166050002200178082001800200111008300218245019100301260009500492300002700587500006500614500004200679504004100721650009000762650004100852658001500893700003700908740004800945740004700993906004501040942001201085999001501097952010401112427019620170822175115.0840814m19821983sp a b f100 0 spa  a 84199663  a8474833116 (set) a8474833124 (t. 1) a8474833132 (t. 2) aBSUcBSUdBSU ae-sp---00aPQ6106b.J67 198200a862.3 ESP2192 aJornadas de Teatro Clásico Españoln(5th :d1982 :cAlmagro, Spain)91958410aV Jornadas de Teatro Clásico Español :bel trabajo con los clásicos en el teatro contemporáneo : Almagro, 1982 /cdirección y revisión de materiales, Juan Antonio Hormigón. a[Madrid] :bDirección General de Música y Teatro, Ministerio de Cultura,c1982-[1983?] a2 v. :bill. ;c17 cm. aCover title v. 1: 5o Festival de Teatro Clásico Español. aVol. 2 lacks other title information. aIncludes bibliographical references. 0aSpanish dramayClassical period, 1500-1700xHistory and criticismxCongresses.919585 0aDramaxTechniquexCongresses.919586 aLiterature1 aHormigón, Juan Antonio.9195870 a5as Jornadas de Teatro Clásico Español.0 a5o Festival de Teatro Clásico Español. a7bcbccorignewd2encipf19gy-gencatlg 2ddccBK c9700d9700 00102ddc40708NFICabsubbsuc800d2014-07-22l0o862.3 ESPr2014-07-22 00:00:00w2014-07-22yBK